000 00707nam a2200217Ia 4500
003 GCL
008 140319s9999 xx 000 0 ara d
040 _aGCL /
_cGCL
082 0 4 _aم
_b503
_bم م
100 1 _aمحمود دبس
245 1 0 _aمعجم اكاديميا المصطلحات العلمية والتقنية انجليزى - فرنسى - عربى /
_cمحمود دبس
260 _a[S.N] :
_bاكاديميا ،
_c1993
300 _a687 ص
490 _aماذا اعرف
_v0
650 0 4 _aاللغة العربية
650 0 4 _aالمعاجم
650 0 4 _aالعلوم التطبيقية
650 0 4 _aالعلوم البحتة
650 0 4 _aالمصطلحات
942 _2ddc
_cREF
999 _c59569
_d59569